| 000 | 00949 a2200229 4500 | ||
|---|---|---|---|
| 001 | 48623 | ||
| 005 | 20260407155751.0 | ||
| 008 | 260407a2018 arg spa d | ||
| 003 | AR-UNSa-BCEJYS | ||
| 040 |
_aAR-UNSa-BCEJYS _bspa _cAR-UNSa-BCEJYS |
||
| 080 |
_a311.3 _xOrganización general de las estadisticas. Estadística oficial |
||
| 245 | 1 | 0 |
_aEANNA _pEncuesta de actividades de niños, niñas y adolescentes 2016-2017 |
| 020 | _a978-950-896-529-5 | ||
| 264 | 1 |
_aBuenos Aires : _bINDEC _c2018 |
|
| 300 |
_a204 p. _c25 cm. |
||
| 505 | _a1. Marco conceptual y metodológico; 2. Resultados de la EANNA para el total del país; 3. Resultados de la EANNA urbana; 4. Resultados de la EANNA rural | ||
| 041 | _aspa | ||
| 942 | _cBK | ||
| 590 | _aniveau_biblio:m niveau_hierar:0 | ||
| 100 | 1 | _aInstituto Nacional de Estadística y Censos (INDEC) | |
| 856 | 4 | 1 |
_uhttps://www.biblioeco.unsa.edu.ar/pmb/images/libros/D00082 _yImagen de portada _qimage/jpeg |
| 999 |
_c4651 _d4651 |
||